|
|
|
|
| LEADER |
00000nab a2200000 ar4500 |
| 001 |
vtls010656034 |
| 003 |
SK-MaSNL |
| 005 |
20260303090054.0 |
| 008 |
150220c2015 xo mr|p|||a |000 b|slo |
| 015 |
|
|
|a SNBRB2015/02
|
| 038 |
|
|
|a SPK
|
| 040 |
|
|
|a SPKCL
|b slo
|c AACR2
|e AACR2
|
| 041 |
0 |
|
|a slo
|b slo
|
| 044 |
|
|
|a xo
|c SK
|
| 072 |
|
7 |
|a 616
|x Patológia. Klinická medicína
|2 konspekt
|
| 072 |
|
7 |
|a 316.3
|x Globálne spoločnosti. Sociálna štruktúra. Sociálne skupiny
|2 konspekt
|
| 080 |
|
|
|a 616.711-011
|2 2001
|
| 080 |
|
|
|a 316.346.32-053.2
|2 2001
|
| 100 |
1 |
|
|a Luky, Ján
|4 aut
|9 11146
|
| 245 |
1 |
0 |
|a Poranenia chrbtice a miechy u detí
|c Ján Luky
|
| 546 |
|
|
|a Res. slov.
|
| 650 |
0 |
7 |
|a poranenia chrbtice
|2 snkbucl
|9 92582
|
| 650 |
0 |
7 |
|a deti
|2 snkbucl
|9 773
|
| 773 |
0 |
|
|t Vychovávateľ
|g Roč. LXIII, č. 5-6(2015), s. 51-53
|x 0139-6919
|
| 852 |
|
|
|a SPK
|b KIS3GCP
|
| 999 |
|
|
|c 1801721
|d 1803651
|